00481nam a2200145Ia 4500008004100000040001200041082001400053100003400067245006400101260006300165300001300228942000700241999001700248952007000265200103s9999||||xx |||||||||||||| ||und|| aIMU-MPC aColumn-53 aLewis, W. E. and Pryce, D. G. 4aThe application of Matrix Theory to Electrical Engineering  bScience Paperbackes and E. & F. N. Spon Ltd., Londonc1965 axii, 195 cBK c10180d10180 00104070911192cColumn-53d2020-01-08pMPC1477r2025-03-17yBK